00298 a2200121 450000500170000000800410001702000180005804100120007610000150008824500340010326000310013730000080016820250514172142.0250514b |||||||| |||| 00| 0 eng d a9788189065508 aEnglish aRathod D.G aHuman Rights And Constitution bCurrent Publicationsc2016 a219